Malý Indián 2
| Other Authors: | |
|---|---|
| Format: | Video DVD |
| Language: | Spanish Slovak Czech Hungarian |
| PhysicalDescription: | 1 videodisk (DVD) (83 min.) fareb., zvuk. 12 cm |
| Published: |
Bratislava
Intersonic
2006
|
| Subjects: |
MARC
| LEADER | 00000ngm a2200000 a 4500 | ||
|---|---|---|---|
| 001 | vtls009352989 | ||
| 003 | SK-MaSNL | ||
| 005 | 20260301081836.0 | ||
| 007 | vd cvaizs | ||
| 008 | 081024s2006 xo 083 g vaspa | ||
| 040 | |a SNK |b slo |c SNK |e AACR2 | ||
| 041 | 1 | |a spa |a slo |a cze |a hun |h spa | |
| 044 | |a xo |c SK | ||
| 072 | 7 | |a 791 |x Film. Cirkus. Ľudová zábava |2 konspekt | |
| 080 | |a 791.228(82) |2 2001 | ||
| 080 | |a (0.034.44) |2 2001 | ||
| 130 | 0 | |a Patoruzito 2 |l Slovensky |9 405784 | |
| 245 | 1 | 0 | |a Malý Indián |n 2 |h videozáznam |c [réžia] Jose Luis Massa |
| 260 | |a Bratislava |b Intersonic |c 2006 | ||
| 300 | |a 1 videodisk (DVD) (83 min.) |b fareb., zvuk. |c 12 cm | ||
| 500 | |a Zvuk Dolby Digital ; obraz PAL 16:9 | ||
| 500 | |a Vyšlo ako príloha denníka Nový Čas | ||
| 500 | |a Názov z obalu | ||
| 518 | |a Argentínsky animovaný film z r. 2006 | ||
| 546 | |a V originálnom špan. znení ; čes., slov., maď. dabing | ||
| 650 | 0 | 7 | |a animované filmy |2 SNKPH |9 3171 |
| 655 | 7 | |a DVD |2 SNKPH |9 70751 | |
| 700 | 1 | |a Massa, Jose Luis |4 drt |9 397229 | |
| 999 | |c 656995 |d 658925 | ||
| 952 | |a SNK |b SNK |y PREZ |7 0 |p 17A0604051 |o snkSDVD 369 |i snk2008/20824 |8 0 |0 0 |1 0 |4 0 |d 2008-10-24 |l 0 |r 2026-02-23 18:41:29 |w 2026-02-23 | ||
| 952 | |a SNK |b SNK |y PREZ |7 0 |p 17A0604050 |o snkSDVD 369 D1 |i snk2008/20825 |8 0 |0 0 |1 0 |4 0 |d 2008-10-24 |l 0 |r 2026-02-23 18:41:29 |w 2026-02-23 | ||


